| 000 | 00962nam a22001697a 4500 | ||
|---|---|---|---|
| 008 | 110627t xxu||||| |||| 00| 0 eng d | ||
| 010 | _aHCCS F91 | ||
| 245 | _aThe High Court Civil Suit No. 462 of 1991 Magem Enterprises Ltd Vs Uganda Breweries Ltd. | ||
| 260 | _c1991 | ||
| 500 | _aBefore: The Hon. the Principal Judge Mr. Justice J.H. Ntabgoba. | ||
| 999 |
_c4030 _d4030 |
||